[Event "Internet Section 14-A"]
[Site "Dos Hermanas"]
[Date "2003.03.14"]
[Round "8"]
[White "Sokolov, Andrey M"]
[Black "Nakamura, Hikaru"]
[Result "0-1"]
[WhiteElo "2331"]
[BlackElo "2520"]
[PlyCount "115"]
[EventDate "2003.03.14"]
[EventType "swiss (blitz)"]
[EventRounds "9"]
[EventCountry "ESP"]
[SourceTitle "EXT 2004"]
[Source "ChessBase"]
[SourceDate "2003.11.25"]
[SourceVersion "1"]
[SourceVersionDate "2003.11.25"]
[SourceQuality "1"]

1. Nf3 Nf6 2. d4 d5 3. g3 g6 4. Bg2 Bg7 5. O-O O-O 6. c4 Nc6 7. cxd5 Nxd5 8. e4
Nb6 9. d5 Na5 10. Nc3 c6 11. Nd4 cxd5 12. exd5 e6 13. Nb3 Nac4 14. dxe6 Bxe6
15. Qxd8 Raxd8 16. Nc5 Bf5 17. Nxb7 Rc8 18. Re1 Rfe8 19. Bf4 Nxb2 20. Rxe8+
Rxe8 21. Nd6 Rd8 22. Nxf5 Bxc3 23. Ne7+ Kg7 24. Nc6 Rd7 25. Rc1 Bf6 26. Ne5 Re7
27. Nc6 Rd7 28. Ne5 Re7 29. Nc6 Re8 30. Nxa7 Nd3 31. Rd1 Nxf4 32. gxf4 Re2 33.
a3 Be7 34. Bf3 Ra2 35. Nc6 Bc5 36. Rf1 Rxa3 37. Kg2 Ra2 38. Ne5 Bd4 39. Nc6 Bc5
40. Ne5 Bd4 41. Nc6 Bf6 42. Re1 Rb2 43. Re2 Rb1 44. Ne5 Rb4 45. Re4 Rb1 46. Re2
Nc8 47. h3 Nd6 48. Bg4 h5 49. Bd7 Rb4 50. Kg3 Rd4 51. Bc6 Nf5+ 52. Kf3 Rd6 53.
Be4 Nd4+ 54. Ke3 Nxe2 55. Kxe2 Re6 56. Bd5 Re7 57. Kf3 Bxe5 58. Bc4 0-1

[Event "Internet Section 14-A"]
[Site "Dos Hermanas"]
[Date "2003.03.14"]
[Round "9"]
[White "Nakamura, Hikaru"]
[Black "Reinaldo Castineira, Roi"]
[Result "0-1"]
[WhiteElo "2520"]
[BlackElo "2402"]
[PlyCount "84"]
[EventDate "2003.03.14"]
[EventType "swiss (blitz)"]
[EventRounds "9"]
[EventCountry "ESP"]
[SourceTitle "EXT 2004"]
[Source "ChessBase"]
[SourceDate "2003.11.25"]
[SourceVersion "1"]
[SourceVersionDate "2003.11.25"]
[SourceQuality "1"]

1. d4 e6 2. e4 d5 3. Nc3 Bb4 4. e5 c5 5. a3 Bxc3+ 6. bxc3 Ne7 7. Qg4 O-O 8. Bd3
Qa5 9. Bd2 Nbc6 10. Nf3 f5 11. exf6 Rxf6 12. Qh5 Nf5 13. g4 c4 14. Be2 Nd6 15.
Ne5 Ne4 16. Nxc6 bxc6 17. f3 Nxd2 18. Kxd2 c5 19. Qe5 cxd4 20. Qxd4 Qc7 21. Ke3
Bb7 22. f4 Re8 23. Qe5 Qb6+ 24. Kd2 Qf2 25. Raf1 Qc5 26. Rb1 Bc6 27. Qd4 Qxa3
28. Ra1 Qd6 29. Rhf1 e5 30. fxe5 Rxe5 31. Rxa7 Re4 32. Qg1 d4 33. Bxc4+ Kh8 34.
Rxf6 gxf6 35. Qf2 dxc3+ 36. Kxc3 Qe5+ 37. Kb3 Re3+ 38. Ka2 Re1 39. c3 Qxc3 40.
Rxh7+ Kxh7 41. Qf5+ Kg7 42. Qc8 Qxc4+ 0-1

[Event "Internet Section 15-A"]
[Site "Dos Hermanas"]
[Date "2003.03.15"]
[Round "3"]
[White "Bobras, Piotr"]
[Black "Nakamura, Hikaru"]
[Result "0-1"]
[WhiteElo "2441"]
[BlackElo "2520"]
[PlyCount "100"]
[EventDate "2003.03.15"]
[EventType "swiss (blitz)"]
[EventRounds "9"]
[EventCountry "ESP"]
[SourceTitle "EXT 2004"]
[Source "ChessBase"]
[SourceDate "2003.11.25"]
[SourceVersion "1"]
[SourceVersionDate "2003.11.25"]
[SourceQuality "1"]

1. e4 c5 2. Nf3 d6 3. d4 cxd4 4. Nxd4 Nf6 5. Nc3 a6 6. Bg5 e6 7. f4 Be7 8. Qf3
Qc7 9. O-O-O Nbd7 10. g4 b5 11. Bxf6 gxf6 12. f5 Ne5 13. Qg3 O-O 14. Bh3 b4 15.
Nce2 Kh8 16. Nf4 Rg8 17. fxe6 fxe6 18. Nfxe6 Bxe6 19. Nxe6 Qc4 20. Qb3 Qxe4 21.
Rhe1 Qg6 22. Kb1 a5 23. Nd4 Bf8 24. Qd5 Rc8 25. Nf5 Nxg4 26. Qe6 Nf2 27. Qxc8
Nxd1 28. Rxd1 Qh5 29. Ne3 Bh6 30. Qf5 Qe2 31. Qxf6+ Bg7 32. Qe6 Be5 33. Qh6 Rg6
34. Qf8+ Rg8 35. Qh6 Rg6 36. Qf8+ Rg8 37. Qh6 Bg7 38. Qf4 Re8 39. Bg4 Qxe3 40.
Qxe3 Rxe3 41. Rxd6 Be5 42. Rd8+ Kg7 43. h3 a4 44. Rd3 Re1+ 45. Rd1 Re4 46. a3
bxa3 47. bxa3 Rc4 48. Re1 Rc5 49. Re4 h5 50. Bd7 Rd5 0-1

[Event "Internet Section 15-A"]
[Site "Dos Hermanas"]
[Date "2003.03.15"]
[Round "5"]
[White "Kjartansson, David"]
[Black "Nakamura, Hikaru"]
[Result "0-1"]
[WhiteElo "2299"]
[BlackElo "2520"]
[PlyCount "43"]
[EventDate "2003.03.15"]
[EventType "swiss (blitz)"]
[EventRounds "9"]
[EventCountry "ESP"]
[SourceTitle "EXT 2004"]
[Source "ChessBase"]
[SourceDate "2003.11.25"]
[SourceVersion "1"]
[SourceVersionDate "2003.11.25"]
[SourceQuality "1"]

1. e4 c5 2. Nc3 d6 3. f4 g6 4. Nf3 Bg7 5. Bb5+ Bd7 6. Bxd7+ Qxd7 7. O-O Nc6 8.
d3 Nh6 9. Kh1 f5 10. Qe1 O-O 11. e5 dxe5 12. fxe5 e6 13. Bxh6 Bxh6 14. Rd1 Nd4
15. Nxd4 cxd4 16. Ne2 Bg7 17. Qh4 Bxe5 18. Rde1 Bf6 19. Qh6 Rac8 20. Nf4 e5 21.
Nh3 Rxc2 22. Ng5 0-1

[Event "Internet Section 15-A"]
[Site "Dos Hermanas"]
[Date "2003.03.15"]
[Round "6"]
[White "Nakamura, Hikaru"]
[Black "Ibragimov, Ildar"]
[Result "1-0"]
[WhiteElo "2520"]
[BlackElo "2566"]
[PlyCount "61"]
[EventDate "2003.03.15"]
[EventType "swiss (blitz)"]
[EventRounds "9"]
[EventCountry "ESP"]
[SourceTitle "EXT 2004"]
[Source "ChessBase"]
[SourceDate "2003.11.25"]
[SourceVersion "1"]
[SourceVersionDate "2003.11.25"]
[SourceQuality "1"]

1. d4 d5 2. c4 dxc4 3. Nf3 Nf6 4. Nc3 a6 5. e4 b5 6. e5 Nd5 7. Ng5 f6 8. Qf3 c6
9. Nge4 f5 10. e6 Bxe6 11. Ng5 Bc8 12. Bd2 g6 13. O-O-O Bg7 14. g3 h6 15. Nh3
Be6 16. Nf4 Nxf4 17. Bxf4 Bd5 18. Nxd5 cxd5 19. Bg2 e6 20. Rhe1 Qe7 21. Qxd5
exd5 22. Bxd5 g5 23. Bd6 Qxe1 24. Rxe1+ Kd7 25. Bc5 Nc6 26. Re6 Rac8 27. Rd6+
Ke8 28. Bxc6+ Kf7 29. Bd5+ Ke8 30. Re6+ Kd7 31. Re7+ 1-0

[Event "Internet Section 15-A"]
[Site "Dos Hermanas"]
[Date "2003.03.15"]
[Round "7"]
[White "Bauer, Christian"]
[Black "Nakamura, Hikaru"]
[Result "1/2-1/2"]
[WhiteElo "2579"]
[BlackElo "2520"]
[PlyCount "114"]
[EventDate "2003.03.15"]
[EventType "swiss (blitz)"]
[EventRounds "9"]
[EventCountry "ESP"]
[SourceTitle "EXT 2004"]
[Source "ChessBase"]
[SourceDate "2003.11.25"]
[SourceVersion "1"]
[SourceVersionDate "2003.11.25"]
[SourceQuality "1"]

1. d4 Nf6 2. Nf3 d5 3. c4 c6 4. Qc2 a6 5. e3 Bg4 6. Nbd2 e6 7. Bd3 Nbd7 8. b3
Bd6 9. Bb2 O-O 10. O-O Qe7 11. Ne5 Bh5 12. e4 dxe4 13. Nxe4 Nxe4 14. Bxe4 Nf6
15. Bf3 Bxf3 16. Nxf3 c5 17. Rad1 cxd4 18. Nxd4 Rfd8 19. Qe2 Bc5 20. g3 Rd7 21.
Nf3 Rad8 22. Rxd7 Qxd7 23. Bxf6 gxf6 24. Kg2 Qd3 25. Re1 Qxe2 26. Rxe2 Bb4 27.
Rc2 Rd3 28. c5 Rc3 29. Rxc3 Bxc3 30. Kf1 Kf8 31. Ke2 Bb4 32. c6 bxc6 33. Nd4 c5
34. Nc2 Ba5 35. Kd3 Ke7 36. Kc4 Kd6 37. Ne3 Be1 38. f3 f5 39. Kd3 Bf2 40. Nc4+
Kd5 41. Nb6+ Kc6 42. Nc4 f6 43. Ke2 Bg1 44. h3 Bd4 45. Kd3 Bf2 46. g4 fxg4 47.
hxg4 Kd5 48. Nb6+ Kc6 49. Nc4 Bd4 50. Ke4 Kc7 51. f4 Kd7 52. f5 Bg1 53. Nb6+
Kd6 54. Nc4+ Kd7 55. Nb6+ Ke7 56. Nc8+ Kd8 57. Nb6 Ke7 1/2-1/2

[Event "Internet Section 15-A"]
[Site "Dos Hermanas"]
[Date "2003.03.15"]
[Round "8"]
[White "Nakamura, Hikaru"]
[Black "Nogueiras Santiago, Jesus"]
[Result "1-0"]
[WhiteElo "2520"]
[BlackElo "2528"]
[PlyCount "121"]
[EventDate "2003.03.15"]
[EventType "swiss (blitz)"]
[EventRounds "9"]
[EventCountry "ESP"]
[SourceTitle "EXT 2004"]
[Source "ChessBase"]
[SourceDate "2003.11.25"]
[SourceVersion "1"]
[SourceVersionDate "2003.11.25"]
[SourceQuality "1"]

1. d4 d5 2. c4 e6 3. Nc3 c6 4. e3 Nf6 5. Nf3 Nbd7 6. Bd3 dxc4 7. Bxc4 b5 8. Bd3
a6 9. e4 c5 10. d5 c4 11. Bc2 e5 12. O-O Bb4 13. Bd2 O-O 14. b3 Ne8 15. bxc4
bxc4 16. Ba4 Qc7 17. Bc6 Rb8 18. Rb1 Bc5 19. Qe2 Rxb1 20. Rxb1 Nd6 21. Bxd7
Bxd7 22. Nxe5 Re8 23. Nxd7 Qxd7 24. Be3 Qc7 25. Bf4 h6 26. e5 Qa5 27. Qc2 Nb5
28. Nxb5 axb5 29. h4 Bd4 30. d6 Bxe5 31. d7 Re6 32. Bxe5 Rxe5 33. Rd1 Qd8 34.
Qb2 Re7 35. Qxb5 c3 36. Qc6 c2 37. Qxc2 Rxd7 38. Rxd7 Qxd7 39. a4 Qd5 40. g3 g5
41. hxg5 hxg5 42. Qc1 Qa5 43. Qa1 Kh7 44. Qd4 Kg6 45. Kg2 Qa8+ 46. Kh2 Qa5 47.
Qe4+ f5 48. Qc6+ Kh5 49. Qe8+ Kh6 50. Qb5 Qe1 51. Qxf5 Qe2 52. a5 Qa2 53. Qf6+
Kh5 54. Kh3 g4+ 55. Kh2 Qd5 56. Qh4+ Kg6 57. Qxg4+ Kh6 58. a6 Qa5 59. Qe6+ Kg5
60. Qe5+ Kg4 61. Qxa5 1-0

[Event "Internet Section 15-B"]
[Site "Dos Hermanas"]
[Date "2003.03.15"]
[Round "1"]
[White "Khmelevsky, Serguei"]
[Black "Nakamura, Hikaru"]
[Result "0-1"]
[WhiteElo "2248"]
[BlackElo "2520"]
[PlyCount "50"]
[EventDate "2003.03.15"]
[EventType "swiss (blitz)"]
[EventRounds "9"]
[EventCountry "ESP"]
[SourceTitle "EXT 2004"]
[Source "ChessBase"]
[SourceDate "2003.11.25"]
[SourceVersion "1"]
[SourceVersionDate "2003.11.25"]
[SourceQuality "1"]

1. d4 Nf6 2. c4 c5 3. d5 b5 4. cxb5 a6 5. f3 axb5 6. e4 Qa5+ 7. Bd2 b4 8. Na3
d6 9. Nc4 Qc7 10. Bf4 Nbd7 11. a4 bxa3 12. Rxa3 Rxa3 13. bxa3 g6 14. Qa4 Bg7
15. Bd3 O-O 16. Ne2 Bb7 17. O-O Ra8 18. Qc2 Ba6 19. a4 Qa7 20. Nc3 Nh5 21. Bg5
Ne5 22. Nxe5 c4+ 23. Kh1 cxd3 24. Nxd3 Rc8 25. Bd2 Qd4 0-1

[Event "Internet Section 15-B"]
[Site "Dos Hermanas"]
[Date "2003.03.15"]
[Round "3"]
[White "Ricardi, Pablo"]
[Black "Nakamura, Hikaru"]
[Result "1-0"]
[WhiteElo "2532"]
[BlackElo "2520"]
[PlyCount "101"]
[EventDate "2003.03.15"]
[EventType "swiss (blitz)"]
[EventRounds "9"]
[EventCountry "ESP"]
[SourceTitle "EXT 2004"]
[Source "ChessBase"]
[SourceDate "2003.11.25"]
[SourceVersion "1"]
[SourceVersionDate "2003.11.25"]
[SourceQuality "1"]

1. e4 c5 2. Nf3 d6 3. Bb5+ Nd7 4. O-O Ngf6 5. Re1 a6 6. Bxd7+ Nxd7 7. c3 g6 8.
d4 Bg7 9. Bg5 O-O 10. Nbd2 b5 11. Qe2 Bb7 12. a4 b4 13. Nc4 f6 14. Bh4 Kh8 15.
d5 a5 16. cxb4 axb4 17. b3 Ba6 18. Rac1 Nb6 19. Bg3 Bxc4 20. Rxc4 Nxc4 21. Qxc4
Qd7 22. Nd2 Bh6 23. f4 Bg7 24. h3 Rfd8 25. Kh2 f5 26. Nf3 Bf6 27. e5 dxe5 28.
fxe5 Bg7 29. d6 e6 30. Bh4 Re8 31. Qxc5 h6 32. Bf6 Rec8 33. Qxb4 g5 34. Qd2
Rcb8 35. Rc1 Rc8 36. Rd1 Kh7 37. Qe2 Rab8 38. Nxg5+ hxg5 39. Qh5+ Kg8 40. Qxg5
Rxb3 41. Bxg7 Rxh3+ 42. Kxh3 Qxg7 43. Qxg7+ Kxg7 44. d7 Rd8 45. a5 Kf7 46. a6
Ke7 47. a7 Rh8+ 48. Kg3 Rg8+ 49. Kf3 Rd8 50. Kf4 Kf7 51. a8=Q 1-0

[Event "Internet Section 15-B"]
[Site "Dos Hermanas"]
[Date "2003.03.15"]
[Round "5"]
[White "Schmidt, Raul"]
[Black "Nakamura, Hikaru"]
[Result "1-0"]
[WhiteElo "2141"]
[BlackElo "2520"]
[PlyCount "117"]
[EventDate "2003.03.15"]
[EventType "swiss (blitz)"]
[EventRounds "9"]
[EventCountry "ESP"]
[SourceTitle "EXT 2004"]
[Source "ChessBase"]
[SourceDate "2003.11.25"]
[SourceVersion "1"]
[SourceVersionDate "2003.11.25"]
[SourceQuality "1"]

1. e4 c5 2. c3 d5 3. exd5 Qxd5 4. d4 Nf6 5. Nf3 Bg4 6. Nbd2 cxd4 7. Bc4 Qd7 8.
Qb3 e6 9. Nxd4 Bc5 10. N2f3 O-O 11. O-O Bxd4 12. Nxd4 Nc6 13. Nxc6 Qxc6 14. Qb5
Qc7 15. Bg5 Ne4 16. Bd3 a6 17. Qb4 Nxg5 18. Qxg4 h6 19. Rad1 Qb6 20. Qe2 Rad8
21. Qc2 e5 22. Qb3 Qc7 23. Qc4 Qb6 24. Qb3 Qc7 25. Qc4 Qe7 26. a4 Rd6 27. Bc2
Rfd8 28. Rxd6 Qxd6 29. h4 Ne6 30. Qe4 g6 31. Re1 Qb6 32. Qxe5 Rd2 33. Re2 Rxe2
34. Qxe2 Qxb2 35. Qd3 Qc1+ 36. Kh2 Qf4+ 37. Qg3 a5 38. Bb3 Qxg3+ 39. Kxg3 Nc5
40. Bc2 Kf8 41. Kf4 Ke7 42. Ke5 Kd7 43. Kf6 Ke8 44. h5 gxh5 45. Kg7 Ne6+ 46.
Kxh6 h4 47. Be4 Nc5 48. Bc2 Ke7 49. Kg5 Ke6 50. Kxh4 Kd5 51. Kg5 Kc4 52. Kf6
Kxc3 53. Bd1 Kd2 54. Bf3 Ke1 55. Kxf7 Kxf2 56. Ke7 Ke3 57. Kd6 Nxa4 58. Bxb7
Nc3 59. Kc5 1-0

[Event "Internet Section 16-A"]
[Site "Dos Hermanas"]
[Date "2003.03.16"]
[Round "3"]
[White "Tratar, Marko"]
[Black "Nakamura, Hikaru"]
[Result "0-1"]
[WhiteElo "2451"]
[BlackElo "2520"]
[PlyCount "90"]
[EventDate "2003.03.16"]
[EventType "swiss (blitz)"]
[EventRounds "9"]
[EventCountry "ESP"]
[SourceTitle "EXT 2004"]
[Source "ChessBase"]
[SourceDate "2003.11.25"]
[SourceVersion "1"]
[SourceVersionDate "2003.11.25"]
[SourceQuality "1"]

1. Nf3 Nf6 2. g3 g6 3. Bg2 Bg7 4. c4 O-O 5. O-O d5 6. cxd5 Nxd5 7. d4 Nc6 8.
Nc3 Nb6 9. e3 e5 10. d5 Na5 11. e4 c6 12. dxc6 Nxc6 13. Bg5 f6 14. Qb3+ Kh8 15.
Be3 Na5 16. Qb4 Nc6 17. Qb3 Qe8 18. Bxb6 Be6 19. Nd5 axb6 20. Qxb6 Qf7 21. Rfd1
Ra4 22. Qe3 h6 23. a3 f5 24. Nc3 Rd4 25. Qe1 Rxe4 26. Nxe4 fxe4 27. Qxe4 Bf5
28. Qd5 Be6 29. Qe4 Bf5 30. Qd5 Qf6 31. Qd6 Be6 32. Rf1 Rd8 33. Qc5 e4 34. Nh4
g5 35. Bxe4 gxh4 36. Rad1 Nd4 37. Bxb7 Bh3 38. Rfe1 Rf8 39. Qxd4 Qxd4 40. Rxd4
Bxd4 41. Re2 Rb8 42. Bg2 Bf5 43. gxh4 Bxb2 44. h3 Bxa3 45. Re5 Rb1+ 0-1

[Event "Internet Section 16-A"]
[Site "Dos Hermanas"]
[Date "2003.03.16"]
[Round "4"]
[White "Nakamura, Hikaru"]
[Black "Martin Del Campo C, Roberto"]
[Result "1-0"]
[WhiteElo "2520"]
[BlackElo "2421"]
[PlyCount "101"]
[EventDate "2003.03.16"]
[EventType "swiss (blitz)"]
[EventRounds "9"]
[EventCountry "ESP"]
[SourceTitle "EXT 2004"]
[Source "ChessBase"]
[SourceDate "2003.11.25"]
[SourceVersion "1"]
[SourceVersionDate "2003.11.25"]
[SourceQuality "1"]

1. d4 Nf6 2. c4 g6 3. Nc3 Bg7 4. e4 d6 5. Be2 O-O 6. Nf3 Bg4 7. Be3 Nfd7 8. h3
Bxf3 9. Bxf3 Nc6 10. d5 Na5 11. Be2 Bxc3+ 12. bxc3 e5 13. g4 b6 14. h4 Nb7 15.
Bh6 Re8 16. Qd2 Nbc5 17. Qe3 Kh8 18. h5 Rg8 19. hxg6 fxg6 20. g5 Qe7 21. Bg4
Qf7 22. Rh4 Rge8 23. Ke2 a6 24. Rah1 Re7 25. R1h3 b5 26. Rf3 Qg8 27. Rf6 bxc4
28. Qf3 Rb8 29. Kf1 Nd3 30. Kg1 Nf4 31. Bxd7 Rxd7 32. Rhxf4 exf4 33. Rxf4 Re8
34. Qe3 Rf7 35. Qd4+ Re5 36. Rf6 Rxf6 37. gxf6 Qc8 38. Bf4 Qg4+ 39. Bg3 Kg8 40.
Qa7 Qxe4 41. Qb8+ Kf7 42. Qxc7+ Kxf6 43. Qxd6+ Kf5 44. Qd7+ Kg5 45. f4+ Kh6 46.
fxe5 Qe3+ 47. Kg2 Qe2+ 48. Bf2 Qe4+ 49. Kg1 Qxe5 50. Qh3+ Kg5 51. Bh4+ 1-0

[Event "Internet Section 16-A"]
[Site "Dos Hermanas"]
[Date "2003.03.16"]
[Round "5"]
[White "Gavrilov, Alexei"]
[Black "Nakamura, Hikaru"]
[Result "0-1"]
[WhiteElo "2244"]
[BlackElo "2520"]
[PlyCount "60"]
[EventDate "2003.03.16"]
[EventType "swiss (blitz)"]
[EventRounds "9"]
[EventCountry "ESP"]
[SourceTitle "EXT 2004"]
[Source "ChessBase"]
[SourceDate "2003.11.25"]
[SourceVersion "1"]
[SourceVersionDate "2003.11.25"]
[SourceQuality "1"]

1. d4 Nf6 2. c4 c6 3. Nc3 d5 4. e3 a6 5. Qc2 Bg4 6. Qb3 Ra7 7. h3 Bf5 8. Nf3 e6
9. a4 Nbd7 10. Bd2 Be7 11. Be2 O-O 12. O-O h6 13. a5 c5 14. cxd5 exd5 15. Nxd5
Nxd5 16. Qxd5 Be6 17. Qe4 cxd4 18. Nxd4 Nc5 19. Qc2 Bd5 20. Bb4 Ne4 21. Bxe7
Qxe7 22. Bf3 Raa8 23. Rac1 Rfe8 24. Rfd1 Rad8 25. Qc7 Rd7 26. Qf4 Qb4 27. Bxe4
Bxe4 28. Nf5 Rxd1+ 29. Rxd1 Qb3 30. Rd7 Qe6 0-1

[Event "Internet Section 16-A"]
[Site "Dos Hermanas"]
[Date "2003.03.16"]
[Round "6"]
[White "Nakamura, Hikaru"]
[Black "Ivanisevic, Ivan"]
[Result "1-0"]
[WhiteElo "2520"]
[BlackElo "2555"]
[PlyCount "85"]
[EventDate "2003.03.16"]
[EventType "swiss (blitz)"]
[EventRounds "9"]
[EventCountry "ESP"]
[SourceTitle "EXT 2004"]
[Source "ChessBase"]
[SourceDate "2003.11.25"]
[SourceVersion "1"]
[SourceVersionDate "2003.11.25"]
[SourceQuality "1"]

1. d4 Nf6 2. c4 g6 3. Nc3 Bg7 4. e4 d6 5. Nf3 O-O 6. Be2 e5 7. O-O Na6 8. Be3
Ng4 9. Bg5 Qe8 10. dxe5 dxe5 11. h3 f6 12. Bd2 Nh6 13. c5 c6 14. Bxa6 bxa6 15.
Qa4 Nf7 16. Rfd1 Rb8 17. b4 f5 18. Be1 f4 19. Nd2 Ng5 20. h4 Nf7 21. f3 h6 22.
Nc4 Rb7 23. Nd6 Nxd6 24. Rxd6 Rc7 25. Rad1 g5 26. Qa5 Qf7 27. Rd8 g4 28. Rxf8+
Bxf8 29. Rd8 gxf3 30. gxf3 Qg6+ 31. Kf2 Rg7 32. Ke2 Be6 33. Qxa6 Qg2+ 34. Kd1
Qxf3+ 35. Kc2 Rg2+ 36. Bd2 Qh5 37. Qxc6 Qf7 38. Qd6 Rg6 39. Nd5 f3 40. h5 Bxd5
41. hxg6 Bxe4+ 42. Kb2 Qf5 43. Bxh6 1-0

[Event "Internet Section 16-A"]
[Site "Dos Hermanas"]
[Date "2003.03.16"]
[Round "8"]
[White "Nakamura, Hikaru"]
[Black "Sokolov, Andrey M"]
[Result "0-1"]
[WhiteElo "2520"]
[BlackElo "2331"]
[PlyCount "162"]
[EventDate "2003.03.16"]
[EventType "swiss (blitz)"]
[EventRounds "9"]
[EventCountry "ESP"]
[SourceTitle "EXT 2004"]
[Source "ChessBase"]
[SourceDate "2003.11.25"]
[SourceVersion "1"]
[SourceVersionDate "2003.11.25"]
[SourceQuality "1"]

1. d4 d5 2. c4 c6 3. Nc3 Nf6 4. Nf3 a6 5. a4 a5 6. Bg5 e6 7. cxd5 exd5 8. e3
Bf5 9. Nh4 Bg6 10. Nxg6 hxg6 11. Bd3 Bd6 12. h3 Na6 13. O-O O-O 14. f3 Nb4 15.
e4 dxe4 16. fxe4 Bf4 17. Bxf6 gxf6 18. d5 Be5 19. Bc4 Qb6+ 20. Kh1 Kg7 21. Qf3
Nc2 22. Rac1 Ne3 23. dxc6 bxc6 24. b3 Nxf1 25. Rxf1 Rad8 26. Ne2 Rd6 27. h4
Rfd8 28. Ng1 Qd4 29. h5 Rh8 30. g4 Qc3 31. Qg2 Qg3 32. Qxg3 Bxg3 33. Kg2 Be5
34. Nf3 Rd7 35. hxg6 fxg6 36. g5 Re8 37. gxf6+ Bxf6 38. Re1 Rde7 39. Bd3 Be5
40. Rc1 Rd8 41. Bb1 Rb8 42. Ba2 Rb4 43. Rxc6 Rxe4 44. Bb1 Rg4+ 45. Kf2 Rf7 46.
Ke3 Bf4+ 47. Ke2 Rf6 48. Rc4 Rg2+ 49. Kd3 Rd6+ 50. Kc3 Bd2+ 51. Nxd2 Rgxd2 52.
Be4 Re2 53. Bc2 Re3+ 54. Kb2 Re5 55. Rc7+ Kf6 56. Rc8 g5 57. Rg8 Rc5 58. Rf8+
Kg7 59. Rf2 g4 60. Rg2 Rg5 61. Rg3 Rd4 62. Kc3 Rf4 63. Bd1 Kg6 64. Kd3 Kh5 65.
Rg1 Kh4 66. Ke3 Rb4 67. Kf2 Rf5+ 68. Ke3 Re5+ 69. Kf2 Rf5+ 70. Ke3 g3 71. Rh1+
Kg5 72. Rh3 Rg4 73. Bxg4 Kxg4 74. Rh8 g2 75. Ke2 g1=Q 76. Rg8+ Rg5 77. Re8 Qd4
78. Rf8 Re5+ 79. Kf1 Qd1+ 80. Kg2 Re2+ 81. Rf2 Qe1 0-1

[Event "Internet Section 17-A"]
[Site "Dos Hermanas"]
[Date "2003.03.17"]
[Round "2"]
[White "Nakamura, Hikaru"]
[Black "Aigner, Michael"]
[Result "1-0"]
[WhiteElo "2520"]
[BlackElo "2166"]
[PlyCount "91"]
[EventDate "2003.03.17"]
[EventType "swiss (blitz)"]
[EventRounds "9"]
[EventCountry "ESP"]
[SourceTitle "EXT 2004"]
[Source "ChessBase"]
[SourceDate "2003.11.25"]
[SourceVersion "1"]
[SourceVersionDate "2003.11.25"]
[SourceQuality "1"]

1. e4 c5 2. Nc3 g6 3. Nf3 Nc6 4. d4 cxd4 5. Nxd4 Bg7 6. Be3 Nf6 7. Bc4 O-O 8.
O-O Nxe4 9. Nxe4 d5 10. Nxc6 bxc6 11. Bd3 dxe4 12. Bxe4 Qc7 13. c3 Ba6 14. Re1
Rad8 15. Qf3 c5 16. Rad1 Bc4 17. b3 Be6 18. c4 h5 19. h3 Qa5 20. Qe2 Rd6 21.
Bg5 Qc7 22. Bf4 Bc8 23. Bxd6 exd6 24. Bd5 Bf5 25. Qe7 Qb6 26. Re2 Qa6 27. Bb7
Qa5 28. Qxd6 Bd4 29. Bd5 Qc3 30. Qf4 Kg7 31. Rde1 Bf6 32. Qc7 a5 33. Re3 Qd2
34. R3e2 Qc3 35. Qxc5 Bd4 36. Qc7 Bd3 37. Re8 Qd2 38. R8e3 Bxe3 39. Rxe3 Bf5
40. Re7 Kh6 41. Bxf7 Rc8 42. Qe5 Qd1+ 43. Kh2 Qf1 44. Qf4+ Kg7 45. Bxg6+ Kxg6
46. Qd6+ 1-0

[Event "Internet Section 17-A"]
[Site "Dos Hermanas"]
[Date "2003.03.17"]
[Round "4"]
[White "Nakamura, Hikaru"]
[Black "Andrews, Todd D"]
[Result "1-0"]
[WhiteElo "2520"]
[BlackElo "2266"]
[PlyCount "93"]
[EventDate "2003.03.17"]
[EventType "swiss (blitz)"]
[EventRounds "9"]
[EventCountry "ESP"]
[SourceTitle "EXT 2004"]
[Source "ChessBase"]
[SourceDate "2003.11.25"]
[SourceVersion "1"]
[SourceVersionDate "2003.11.25"]
[SourceQuality "1"]

1. c4 c5 2. Nf3 g6 3. Nc3 Bg7 4. d4 cxd4 5. Nxd4 Nc6 6. Nc2 Nf6 7. e4 O-O 8.
Be2 d6 9. O-O Be6 10. Be3 Nd7 11. Nd5 Nc5 12. f3 a5 13. Rb1 f5 14. Nf4 Bf7 15.
exf5 gxf5 16. b3 e5 17. Nd5 Kh8 18. f4 e4 19. Qd2 Rg8 20. Rfd1 Qh4 21. Bf2 Qh6
22. Nde3 Be6 23. Nd5 Rac8 24. Nd4 Nxd4 25. Bxd4 Bxd5 26. cxd5 Bxd4+ 27. Qxd4+
Qg7 28. g3 Qxd4+ 29. Rxd4 Nd7 30. Bf1 Kg7 31. a4 Rc2 32. b4 axb4 33. Rdxb4 Nc5
34. Rb6 Rd8 35. a5 Ra2 36. Bh3 Kf6 37. R1b5 e3 38. Bf1 Ke7 39. Rb1 Rxa5 40. Re1
Ra3 41. Rc1 Rda8 42. Rbb1 Ra2 43. Re1 R2a3 44. Rb2 R8a7 45. Rbe2 Ne4 46. Rxe3
Rd3 47. Bxd3 1-0

[Event "Internet Section 17-A"]
[Site "Dos Hermanas"]
[Date "2003.03.17"]
[Round "5"]
[White "Chen, De"]
[Black "Nakamura, Hikaru"]
[Result "0-1"]
[WhiteElo "2361"]
[BlackElo "2520"]
[PlyCount "104"]
[EventDate "2003.03.17"]
[EventType "swiss (blitz)"]
[EventRounds "9"]
[EventCountry "ESP"]
[SourceTitle "EXT 2004"]
[Source "ChessBase"]
[SourceDate "2003.11.25"]
[SourceVersion "1"]
[SourceVersionDate "2003.11.25"]
[SourceQuality "1"]

1. d4 Nf6 2. Nf3 d5 3. c4 c6 4. Nc3 a6 5. c5 Nbd7 6. Bf4 Nh5 7. e3 Nxf4 8. exf4
g6 9. Be2 Bg7 10. O-O O-O 11. Qd2 Qc7 12. g3 Re8 13. Rfe1 Nf8 14. Bd3 f6 15.
Re3 Bg4 16. Rae1 Bxf3 17. Rxf3 e5 18. fxe5 fxe5 19. dxe5 Rxe5 20. Rxe5 Bxe5 21.
Qg5 Ne6 22. Qg4 Nxc5 23. h4 Rf8 24. Rxf8+ Kxf8 25. Bc2 Qd7 26. Qf3+ Qf7 27. Qe3
Qe7 28. Qf3+ Qf6 29. Qg4 Ne6 30. Ne2 Nd4 31. Bd3 Nxe2+ 32. Bxe2 Bxb2 33. h5 Bd4
34. Bf3 Kg7 35. Kg2 Bc5 36. Qh3 Qb2 37. h6+ Kf6 38. Qg4 Qxf2+ 39. Kh3 Qf1+ 40.
Kh4 Qc1 41. Kh3 Qxh6+ 42. Kg2 Qd2+ 43. Kh3 Qe3 44. Qh4+ Kg7 45. Qg4 Qe7 46. Qc8
h5 47. Kg2 d4 48. g4 h4 49. Bd1 d3 50. Bb3 Qe4+ 51. Kh2 Qf4+ 52. Kg2 Qg3+ 0-1

[Event "Internet Section 17-A"]
[Site "Dos Hermanas"]
[Date "2003.03.17"]
[Round "6"]
[White "Nakamura, Hikaru"]
[Black "Aronian, Levon"]
[Result "1/2-1/2"]
[WhiteElo "2520"]
[BlackElo "2610"]
[PlyCount "129"]
[EventDate "2003.03.17"]
[EventType "swiss (blitz)"]
[EventRounds "9"]
[EventCountry "ESP"]
[SourceTitle "EXT 2004"]
[Source "ChessBase"]
[SourceDate "2003.11.25"]
[SourceVersion "1"]
[SourceVersionDate "2003.11.25"]
[SourceQuality "1"]

1. d4 Nf6 2. c4 e6 3. Nf3 d5 4. Nc3 dxc4 5. e4 Bb4 6. Bg5 c5 7. Bxf6 Qxf6 8.
Bxc4 cxd4 9. Qxd4 Qxd4 10. Nxd4 a6 11. Rc1 Bd7 12. Ke2 Nc6 13. Nf3 Ke7 14. e5
Ba5 15. Ne4 Bc7 16. Bd3 Rhd8 17. a3 Be8 18. Nc5 Ra7 19. Be4 a5 20. Nd3 a4 21.
Rc4 Ra5 22. Rhc1 Bb8 23. Nc5 Rb5 24. R1c2 Nxe5 25. Nxe5 Bxe5 26. Nd3 Bd6 27.
Rxa4 f5 28. Bf3 e5 29. g4 e4 30. Bxe4 fxe4 31. Rxe4+ Kf8 32. Rd4 Bg6 33. f4
Re8+ 34. Kf3 Bc5 35. Rxc5 Bxd3 36. Rxb5 Bxb5 37. a4 Bc6+ 38. Kf2 Re4 39. Rxe4
Bxe4 40. Ke3 Bc2 41. a5 Ke7 42. b4 Ba4 43. Kd4 Kd6 44. f5 h6 45. h4 Bd7 46. Ke4
Bc6+ 47. Kf4 Kd5 48. g5 hxg5+ 49. hxg5 Bd7 50. f6 gxf6 51. gxf6 Kd6 52. Ke4 Be8
53. Kd4 Kc6 54. a6 bxa6 55. Kc3 Bf7 56. Kb2 Kd5 57. Kb1 Ke5 58. Kb2 Kxf6 59.
Ka1 Ke5 60. Kb2 Kd4 61. Ka1 Kc3 62. Kb1 Bg6+ 63. Ka1 Bd3 64. Ka2 Bc2 65. Ka1
1/2-1/2